Music Quiz

Random Music or Song Quiz

Beatles Song By Ending Quiz Stats

 Plays Quiz not verified by Sporcle

Challenge
Share
Tweet
Score 0/24 Timer 10:00
0 Plays Today
Time Song % Correct
1:10When I'm Sixty-Four
84.1%
0:45Lady Madonna
83.2%
0:00Maxwell's Silver Hammer
82.5%
1:00Norwegian Wood (This Bird Has Flown)
80%
0:15Let It Be
79.9%
0:35Here Comes The Sun
79.1%
0:20Octopus's Garden
77.3%
1:25In My Life
75.3%
0:55And Your Bird Can Sing
65%
1:55The End
64.4%
1:40And I Love Her
63.9%
1:45Dear Prudence
61.8%
Time Song % Correct
0:40You've Got To Hide Your Love Away
60.5%
1:05Getting Better
59.7%
0:10I Need You
53.9%
1:30Don't Let Me Down
53.3%
0:25Tomorrow Never Knows
50.2%
1:35Martha My Dear
48.6%
1:50A Hard Day's Night
48.5%
1:15If I Fell
47.9%
0:50We Can Work It Out
38.5%
1:20Blue Jay Way
35.6%
0:05Tell Me Why
35.2%
0:30Another Girl
23.6%

You're not logged in!

Compare scores with friends on all Sporcle quizzes.
Join for Free
OR
Log In

You Might Also Like...

Show Comments

Extras

Top Quizzes Today


Score Distribution

Your Account Isn't Verified!

In order to create a playlist on Sporcle, you need to verify the email address you used during registration. Go to your Sporcle Settings to finish the process.

Report this User

Report this user for behavior that violates our Community Guidelines.

Details: